| 000 | 01837nam a22003377a 4500 | ||
|---|---|---|---|
| 003 | OSt | ||
| 005 | 20260416115006.0 | ||
| 008 | 260416t2020 xxu||||| |||| 00| 0 eng d | ||
| 020 | _a9783030378493 | ||
| 020 | _a9783030378486 | ||
| 040 |
_aUnicoc _bspa _c00001 _d00001 |
||
| 082 | _a617.695 | ||
| 100 |
_912974 _aFok, Alex |
||
| 245 |
_aMathematical models for dental materials research _c/ Alex Fok, Hooi Pin Chew |
||
| 250 | _a1 Ed. | ||
| 260 |
_aSuiza : _bSpringer , _c2020 |
||
| 300 |
_a87 páginas _bDiagramas, tablas, gráficas |
||
| 500 | _aIncluye Índice y referencias bibliográficas | ||
| 505 |
_tChapter 1. Systematic errors in longitudinal measurements. -- _tChapter 2. Endodontic treatment and vertical root fracture. -- _tChapter 3. Debonding of resin composite restorations. -- _tChapter 4. Attenuation of curing light through resin composite restorations. -- _tChapter 5. Release of ions or molecules from dental restorations. -- _tChapter 6. Heat generated from dental resin composites during curing. -- _tChapter 7. Mechanical failure of dental restorations: the weakest-link theory. -- _tChapter 8.Stability of dental implants. -- _tChapter 9. Kinetics of photo‑polymerization. |
||
| 526 | _5Unicoc | ||
| 546 | _aInglés | ||
| 650 | 0 |
_960 _aMateriales dentales _vModelado matemático |
|
| 650 | 0 |
_95759 _aRestauraciones dentales |
|
| 650 | 0 |
_961 _aBiomateriales _xModelado matemático |
|
| 650 | 0 |
_937 _aImplantes dentales _vEstabilidad |
|
| 650 | 0 |
_912977 _aFotopolimerización en odontología |
|
| 658 | 0 |
_98073 _aEspecialización en Prostodoncia |
|
| 700 |
_912975 _aPin Chew, Hooi |
||
| 856 |
_yAcceso online exclusivo para comunidad Unicoc _uhttps://unicoceduco-my.sharepoint.com/:b:/g/personal/direccionbiblioteca_unicoc_edu_co/IQDzXYZf9xZkQ695AFNLQO68AQCrb29cyZyfoVl3Lu3h5_c |
||
| 942 |
_2ddc _cEBOOK |
||
| 999 |
_c10860 _d10860 |
||